|
|
|
|
| LEADER |
00000nam0a2200000 4500 |
| 001 |
126276 |
| 005 |
20231101220002.0 |
| 010 |
|
|
|a 9785769541537
|
| 035 |
|
|
|a (RuTPU)RU\TPU\book\136611
|
| 035 |
|
|
|a RU\TPU\book\106182
|
| 090 |
|
|
|a 126276
|
| 100 |
|
|
|a 20071126d2007 m y0rusy50 ca
|
| 101 |
0 |
|
|a rus
|
| 102 |
|
|
|a RU
|
| 105 |
|
|
|a a j 001zy
|
| 200 |
1 |
|
|a Инженерная геодезия
|e учебник
|f под ред. Д. Ш. Михелева
|
| 205 |
|
|
|a 7-е изд., стер.
|
| 210 |
|
|
|a Москва
|c Академия
|d 2007
|
| 215 |
|
|
|a 480 с.
|c ил.
|
| 225 |
1 |
|
|a Высшее профессиональное образование. Геодезия
|
| 320 |
|
|
|a Библиогр.: с. 473.
|
| 330 |
|
|
|a Даны общие сведения по геодезии, картографии и топографии; геодезическим приборам, методам геодезических измерений, вычислений и оценки точности их результатов; инженерно-геодезическим работам, выполняемым при изыскании, проектировании и строительстве инженерных сооружений. Изложены методы изысканий, производства разбивочных работ, исполнительных съемок. Приведены сведения по геодезическому обеспечению кадастра, наблюдению за деформациями сооружений, сертификации, лицензированию, организации геодезических работ и технике безопасности при их проведении. Для студентов высших учебных заведений негеодезических вузов. Может быть полезен специалистам производства, выполняющим разнообразные инженерно-геодезические работы.
|
| 451 |
|
1 |
|0 (RuTPU)RU\TPU\book\179026
|y 978-5-7695-5645-6
|t Инженерная геодезия
|o учебник
|f под ред. Д. Ш. Михелева
|e 9-е изд., стер.
|c М.
|n Академия
|d 2008
|p 480 с.
|
| 451 |
|
1 |
|0 (RuTPU)RU\TPU\book\106182
|y 5-7695-2817-6
|t Инженерная геодезия
|o учебник
|f под ред. Д. Ш. Михелева
|e 5-е изд., испр.
|c М.
|n Академия
|d 2006
|p 480 с.
|s Высшее профессиональное образование. Геодезия
|
| 606 |
|
|
|a Инженерная геодезия
|2 stltpush
|3 (RuTPU)RU\TPU\subj\12569
|9 39332
|
| 610 |
1 |
|
|a учебники
|
| 610 |
1 |
|
|a геодезические измерения
|
| 610 |
1 |
|
|a земная поверхность
|
| 610 |
1 |
|
|a топографические карты
|
| 610 |
1 |
|
|a погрешности
|
| 610 |
1 |
|
|a нивелирование
|
| 610 |
1 |
|
|a топографическая съемка
|
| 610 |
1 |
|
|a строительство
|
| 610 |
1 |
|
|a опорные сети
|
| 610 |
1 |
|
|a инженерно-геодезические работы
|
| 610 |
1 |
|
|a разбивочные работы
|
| 610 |
1 |
|
|a города
|
| 610 |
1 |
|
|a планировка
|
| 610 |
1 |
|
|a застройка
|
| 610 |
1 |
|
|a подземные коммуникации
|
| 610 |
1 |
|
|a гражданские здания
|
| 610 |
1 |
|
|a промышленные сооружения
|
| 610 |
1 |
|
|a конструкции строительные
|
| 610 |
1 |
|
|a земельный кадастр
|
| 610 |
1 |
|
|a мосты
|
| 610 |
1 |
|
|a тоннели
|
| 610 |
1 |
|
|a горные выработки
|
| 610 |
1 |
|
|a линии электропередачи
|
| 610 |
1 |
|
|a магистральные трубопроводы
|
| 610 |
1 |
|
|a исполнительная съемка
|
| 610 |
1 |
|
|a техника безопасности
|
| 675 |
|
|
|a 528.48(075.8)
|v 3
|
| 702 |
|
1 |
|a Михелев
|b Д. Ш.
|g Давид Шаевич
|4 340
|
| 801 |
|
1 |
|a RU
|b 63413507
|c 20060626
|g PSBO
|
| 801 |
|
2 |
|a RU
|b 63413507
|c 20211018
|g PSBO
|
| 900 |
|
|
|a Инженерная геодезия
|
| 900 |
|
|
|a Геодезическое обеспечение строительства нефтегазопроводов и газонефтехранилищ
|
| 942 |
|
|
|c BK
|
| 952 |
|
|
|b 130000
|
| 959 |
|
|
|a 50/20080519
|d 4
|e 0
|f АНЛ:1
|f УФ:3
|
| 959 |
|
|
|a 69/20080701
|d 1
|e 311,00
|f АНЛ:1
|